000 00896nam a22002297a 4500
005 20100731143235.0
010 _aENG-97540
020 _a9788132102267
_c650.00
035 _aEN-81073
037 _bDBAD/PUB
082 _a305.4896910954
100 _aBanerjee, Paula
_93373
245 _aBorders, histories, existences:
_bgender and beyond /
_cby Paula Banerjee
260 _aNew Delhi
_bSage Publications
_c2010
270 _aB-1/I-1 Mohan Cooperative Industrial Area, Mathura Road
_bNew Delhi
_e110044
300 _axlii, 253p.
_c22cm (Hb)
500 _aIncludes bibliographical references and index
650 _zSouth Asia
_93374
650 _aWomen-Social Conditions
_93375
942 _2ddc
_cEN
_h305.4896910954
_mBAN
999 _c38425
_d38425